=LDR 00000nam 2200000 4500 =001 NUTBA000000000005233 =005 20251030074959 =035 ##$$a 0010-101400000000463 =008 251030################a##########0#ind## =082 ##$$a 372.7 =090 ##$$a 372.7 $b sri j =100 ##$$a SRI, hartatik =245 1#$$a Juara 1 pintar berhitung /$c Sri Hartatik =260 ##$$a Surabaya :$b Aksara press,$c 2014 =300 ##$$a 32 hlm : $b ilus ; $c 23 cm =850 ##$$a NBPMAT =084 ##$$a 372.7 SRI j =990 ##$$a 0001/BPAP-NTB/20142014 =990 ##$$a 0001/BPAP-NTB/20142014 =990 ##$$a 0001/BPAP-NTB/20142014 =990 ##$$a 0001/BPAP-NTB/20142014 =990 ##$$a 0001/BPAP-NTB/20142014 =990 ##$$a 0001/BPAP-NTB/20142014 =990 ##$$a 0001/BPAP-NTB/20142014 =990 ##$$a 21406107 =990 ##$$a 0001/BPAP-NTB/20142014 =990 ##$$a 0001/BPAP-NTB/20142014 =990 ##$$a 0001/BPAP-NTB/20142014 =990 ##$$a 0001/BPAP-NTB/20142014 =990 ##$$a 0001/BPAP-NTB/20142014 =990 ##$$a 0001/BPAP-NTB/20142014 =990 ##$$a 21406108 =990 ##$$a 0001/BPAP-NTB/20142014 =990 ##$$a 0001/BPAP-NTB/20142014 =990 ##$$a 0001/BPAP-NTB/20142014 =990 ##$$a 21406107 =990 ##$$a 0001/BPAP-NTB/20142014 =990 ##$$a 0001/BPAP-NTB/20142014 =990 ##$$a 21406110 =990 ##$$a 21406108 =990 ##$$a 0001/BPAP-NTB/20142014 =990 ##$$a 0001/BPAP-NTB/20142014 =990 ##$$a 21406107 =990 ##$$a 0001/BPAP-NTB/20142014 =990 ##$$a 0001/BPAP-NTB/20142014 =990 ##$$a 21406111 =990 ##$$a 21406108 =990 ##$$a 0001/BPAP-NTB/20142014 =990 ##$$a 21406110 =990 ##$$a 21406107 =990 ##$$a 0001/BPAP-NTB/20142014 =990 ##$$a 0001/BPAP-NTB/20142014